[Event "Lethbridge op"]
[Site "Lethbridge"]
[Date "2016.04.03"]
[Round "5"]
[White "Findlay, Ian T"]
[Black "Pradzinski, Tim"]
[Result "1-0"]
[WhiteElo "2244"]
[BlackElo "1843"]
[PlyCount "81"]
[EventDate "2016.04.02"]
[EventType "swiss"]
[EventRounds "5"]
[EventCountry "CAN"]
[SourceTitle "EXT 2017"]
[Source "ChessBase"]
[SourceDate "2016.10.25"]
[SourceVersion "1"]
[SourceVersionDate "2016.10.25"]
[SourceQuality "1"]

1. e4 c5 2. Nf3 d6 3. d4 cxd4 4. Nxd4 Nf6 5. Nc3 a6 6. Bg5 e6 7. f4 Be7 8. Qf3 Qc7 9. 0-0-0 Nbd7 10. Bd3 b5 11. Rhe1 Bb7 12. Qg3 0-0-0 13. Bxf6 gxf6 14. Qg7 Rdf8 15. Nxe6 fxe6 16. Qxe7 Nc5 17. Qxc7+ Kxc7 18. a3 h5 19. Bf1 Rh7 20. b4 Nd7 21. Re3 Nb8 22. Red3 Rd8 23. h4 Rg7 24. Kb2 Nc6 25. g3 Ne7 26. Be2 Rh7 27. Bf3 f5 28. Re1 fxe4 29. Bxe4 Rh6 30. Bxb7 Kxb7 31. Ne4 Nf5 32. Ng5 Re8 33. Nf7 Kc6 34. Nxh6 Nxh6 35. Kb3 Nf5 36. a4 d5 37. axb5+ axb5 38. Re5 Kd6 39. Rdxd5+ exd5 40. Rxe8 Nxg3 41. Re5 1-0

[Event "Edmonton Northern Alberta op"]
[Site "Edmonton"]
[Date "2014.02.16"]
[Round "4.5"]
[White "Pradzinski, Tim"]
[Black "Haessel, Dale R"]
[Result "0-1"]
[WhiteElo "1951"]
[BlackElo "2277"]
[PlyCount "80"]
[EventDate "2014.02.15"]
[EventType "swiss"]
[EventRounds "5"]
[EventCountry "CAN"]
[SourceTitle "EXT 2022"]
[Source "ChessBase"]
[SourceDate "2021.10.06"]
[SourceVersion "1"]
[SourceVersionDate "2021.10.06"]
[SourceQuality "1"]

1. e4 e5 2. f4 exf4 3. Nf3 h6 4. Bc4 g5 5. Ne5 Qe7 6. Bxf7+ Kd8 7. Ng6 Qxf7 8. Nxh8 Qg7 9. Nc3 Qxh8 10. b3 Bg7 11. Bb2 d6 12. Qh5 Nc6 13. 0-0 Nf6 14. Qe2 Bg4 15. Qb5 Kc8 16. Nd5 a6 17. Qc4 Nxd5 18. Bxg7 Qxg7 19. exd5 Ne5 20. Qc3 Kd7 21. d4 Ng6 22. Rae1 Ne7 23. h3 Nxd5 24. Qc4 Nb6 25. Qd3 Bh5 26. Qf5+ Kc6 27. Qe4+ d5 28. Qe6+ Kb5 29. c4+ dxc4 30. bxc4+ Ka4 31. Qe4 Bg6 32. Qf3 Qxd4+ 33. Kh1 Qxc4 34. Rc1 Qd5 35. Qc3 Be4 36. Rf2 Rd8 37. Rfc2 Qd3 38. Qxc7 Rc8 39. Qxc8 Nxc8 40. Rxc8 Qxh3+ 0-1

[Event "Canadian op"]
[Site "Edmonton"]
[Date "2009.07.18"]
[Round "8"]
[White "Pradzinski, Tim"]
[Black "Haley, Philip G"]
[Result "0-1"]
[WhiteElo "1969"]
[BlackElo "1715"]
[PlyCount "86"]
[EventDate "2009.07.11"]
[EventType "swiss"]
[EventRounds "9"]
[EventCountry "CAN"]
[SourceTitle "CBM 132 Extra"]
[Source "ChessBase"]
[SourceDate "2009.11.03"]
[SourceVersion "1"]
[SourceVersionDate "2009.11.03"]
[SourceQuality "1"]

1. e4 e6 2. d4 d5 3. exd5 exd5 4. Nc3 Nf6 5. Be3 Bd6 6. Bd3 c6 7. Nf3 0-0 8. h3 Re8 9. a3 Qc7 10. Qd2 Nbd7 11. 0-0 Ne4 12. Bxe4 dxe4 13. Nh4 Nf6 14. Qe2 Bd7 15. f4 Qd8 16. Qf2 Be7 17. g4 Nxg4 18. hxg4 Bxh4 19. Qg2 Be7 20. Kf2 f5 21. g5 g6 22. Rh1 Bf8 23. Qh3 Re7 24. d5 Rg7 25. Bd4 Qe7 26. Rae1 Rf7 27. b4 Rc8 28. Bxa7 Qd6 29. Qe3 cxd5 30. Bc5 Qc6 31. Bd4 Bg7 32. Ne2 Bxd4 33. Nxd4 Qc3 34. Rh3 Qxe3+ 35. Rhxe3 Ba4 36. c3 Rfc7 37. Rc1 Rc4 38. Ne2 d4 39. Rh3 d3 40. Ng3 Rxc3 41. Rxc3 Rxc3 42. Ke3 Rxa3 43. Kd2 Ra2+ 0-1

[Event "Grande Prairie Trumpeter op"]
[Site "Grande Prairie"]
[Date "2008.01.27"]
[Round "4"]
[White "Pradzinski, Tim"]
[Black "Apotre, Justin"]
[Result "1-0"]
[WhiteElo "1857"]
[BlackElo "1100"]
[PlyCount "45"]
[EventDate "2008.01.26"]
[EventType "swiss"]
[EventRounds "5"]
[EventCountry "CAN"]
[SourceTitle "EXT 2011"]
[Source "ChessBase"]
[SourceDate "2010.11.26"]
[SourceVersion "1"]
[SourceVersionDate "2010.11.26"]
[SourceQuality "1"]

1. e4 Nc6 2. f4 e5 3. Nf3 d6 4. Nc3 Nf6 5. Bc4 Be6 6. Bxe6 fxe6 7. d3 d5 8. fxe5 dxe4 9. exf6 Qxf6 10. Nxe4 Qd8 11. 0-0 Qd5 12. Bg5 Be7 13. Bxe7 Nxe7 14. Nfg5 0-0-0 15. Nf7 Rhf8 16. Nxd8 Rxf1+ 17. Qxf1 Qxd8 18. Qf7 Qg8 19. Qxe7 b6 20. Rf1 Qd8 21. Rf8 Qxf8 22. Qxf8+ Kb7 23. Qxg7 1-0

[Event "Grande Prairie Trumpeter op"]
[Site "Grande Prairie"]
[Date "2008.01.26"]
[Round "2"]
[White "Rekhson, Vladislav"]
[Black "Pradzinski, Tim"]
[Result "1-0"]
[WhiteElo "2106"]
[BlackElo "1857"]
[PlyCount "75"]
[EventDate "2008.01.26"]
[EventType "swiss"]
[EventRounds "5"]
[EventCountry "CAN"]
[SourceTitle "EXT 2011"]
[Source "ChessBase"]
[SourceDate "2010.11.26"]
[SourceVersion "1"]
[SourceVersionDate "2010.11.26"]
[SourceQuality "1"]

1. e4 c5 2. Nf3 d6 3. d4 cxd4 4. Qxd4 Nc6 5. Bb5 Bd7 6. Bxc6 Bxc6 7. Nc3 e5 8. Qd3 Nf6 9. Bg5 Be7 10. 0-0-0 Qa5 11. Kb1 0-0-0 12. Qc4 Qc7 13. Qxf7 h6 14. Bxf6 Bxf6 15. Qc4 Kb8 16. Rd3 Rd7 17. Rhd1 Rhd8 18. Nd5 Bxd5 19. Qxc7+ Kxc7 20. Rxd5 g5 21. Nd2 a6 22. Nc4 g4 23. Ne3 h5 24. a4 Rf7 25. R1d3 Rdd7 26. Nc4 Bg7 27. Nxd6 Rxd6 28. Rxd6 Bf8 29. R6d5 Rxf2 30. Rd2 Rf1+ 31. Ka2 Bh6 32. Rd7+ Kb8 33. Re2 Rf6 34. Re7 h4 35. Rxe5 Bf4 36. Rf5 Rxf5 37. exf5 Bxh2 38. Re4 1-0

[Event "Trumpeter Classic op"]
[Site "Grande Prairie"]
[Date "2007.01.28"]
[Round "4"]
[White "Pradzinski, Tim"]
[Black "Johnson, Dean"]
[Result "1/2-1/2"]
[WhiteElo "1867"]
[BlackElo "1700"]
[PlyCount "65"]
[EventDate "2007.01.27"]
[EventType "swiss"]
[EventRounds "5"]
[EventCountry "CAN"]
[SourceTitle "EXT 2008"]
[Source "ChessBase"]
[SourceDate "2007.11.25"]
[SourceVersion "1"]
[SourceVersionDate "2007.11.25"]
[SourceQuality "1"]

1. e4 e5 2. f4 exf4 3. Nf3 d5 4. exd5 Nf6 5. Bc4 Nxd5 6. 0-0 Be7 7. d4 Be6 8. Bxd5 Bxd5 9. Bxf4 Nc6 10. Nc3 Bxf3 11. Qxf3 Qxd4+ 12. Be3 Qf6 13. Qg3 Qe5 14. Bf4 Qd4+ 15. Kh1 0-0 16. Rad1 Qb6 17. Bh6 g6 18. Bxf8 Bxf8 19. b3 Bd6 20. Qf2 Qxf2 21. Rxf2 Re8 22. Re2 Rxe2 23. Nxe2 f5 24. h3 Kf7 25. Kg1 Kf6 26. Kf1 g5 27. c4 b6 28. Nd4 Nxd4 29. Rxd4 Ke5 30. Rd3 Ke4 31. Ke2 f4 32. Rd5 h6 33. Rd3 1/2-1/2

[Event "Trumpeter Classic op"]
[Site "Grande Prairie"]
[Date "2006.01.29"]
[Round "5"]
[White "Wong, Ford"]
[Black "Pradzinski, Tim"]
[Result "1/2-1/2"]
[WhiteElo "1807"]
[BlackElo "1801"]
[PlyCount "112"]
[EventDate "2006.01.28"]
[EventType "swiss"]
[EventRounds "5"]
[EventCountry "CAN"]
[SourceTitle "EXT 2007"]
[Source "ChessBase"]
[SourceDate "2006.11.23"]
[SourceVersion "1"]
[SourceVersionDate "2006.11.23"]
[SourceQuality "1"]

1. d4 d5 2. Nf3 Nf6 3. c4 e6 4. Nc3 Bb4 5. a3 Bxc3+ 6. bxc3 Bd7 7. cxd5 exd5 8. Qb3 b6 9. Bg5 Be6 10. e3 0-0 11. Bd3 h6 12. Bh4 c5 13. Bb1 Qd6 14. Bxf6 gxf6 15. Qc2 f5 16. Nh4 Qd7 17. g4 f6 18. gxf5 Bf7 19. Rg1+ Kh7 20. Ng6 Rg8 21. Qe2 Bxg6 22. Rxg6 Rxg6 23. fxg6+ Kg7 24. Qf3 Nc6 25. h4 Re8 26. Kd2 cxd4 27. cxd4 Na5 28. Ba2 Nc4+ 29. Bxc4 dxc4 30. h5 Re7 31. a4 Qd6 32. Kc3 a5 33. Qd1 Qb4+ 34. Kc2 Qb3+ 35. Kc1 Qc3+ 36. Kb1 b5 37. Qc2 Qb4+ 38. Ka2 bxa4 39. Rb1 Qd6 40. Qxc4 Rc7 41. Qxa4 Qd5+ 42. Qb3 Qxh5 43. d5 Qe5 44. Qd3 Qd6 45. f4 Qd7 46. Ka3 Rc5 47. e4 Qc7 48. Qd4 Rc4 49. d6 Rxd4 50. dxc7 Rc4 51. Rb7 Kxg6 52. Kb3 Rc5 53. Ka4 h5 54. e5 fxe5 55. fxe5 Kf5 56. Ra7 Ke6 1/2-1/2